00864cam a2200253 a 450000100100000000500170001000800410002702000150006804000290008308200190011210000280013124500450015926000380020430000210024249000220026358600540028565000250033965000350036483000290039991000330042804900090046195201230047099900170059300001844920200929165817.0930616s1993 nyu 000 1 eng d a0449221563 aDO-SdBNPbengcLCdBNPHU a823.912bC524d1 aChesney, Marion.93993014aThe desirable duchess /cMarion Chesney. aNew York :bFawcett Crest,c1993. a170 p. ;c18 cm.1 aA Regency Romance a"Ganador del premio Times Award for Outstanding". 4aNovela inglesa91071 4aLiteratura inglesa2gsafd9498 0aA Regency Romance939931 aCatalogación derivada / LC aBNGR 001052708MOaGRbGRcCTd2010-05-10iLF1l0o823.912 C524dp18449-10r2020-06-25w2020-06-25y2ZPréstamo interno c17969d17969